[Event "Veroia op"]
[Site "Veroia"]
[Date "2009.??.??"]
[Round "2"]
[White "Toliopoulos, Vladimiros"]
[Black "Bagaturov, Giorgi"]
[Result "0-1"]
[WhiteElo "1947"]
[BlackElo "2478"]
[PlyCount "30"]
[EventDate "2009.08.31"]
[EventType "swiss (rapid)"]
[EventRounds "9"]
[EventCountry "GRE"]
[SourceTitle "EXT 2024"]
[Source "ChessBase"]
[SourceDate "2023.10.10"]
[SourceVersion "1"]
[SourceVersionDate "2023.10.10"]
[SourceQuality "1"]

1. e4 c5 2. Nf3 Nc6 3. d4 cxd4 4. c3 Nf6 5. e5 Nd5 6. Qb3 e6 7. cxd4 d6 8. Bb5 Be7 9. 0-0 0-0 10. Bxc6 bxc6 11. exd6 Qxd6 12. Nc3 Nxc3 13. bxc3 Ba6 14. Re1 c5 15. dxc5 Qxc5 0-1

[Event "Greek CC Unions op 2nd"]
[Site "Greece"]
[Date "2008.06.26"]
[Round "7"]
[White "Markidis, Konstantinos"]
[Black "Toliopoulos, Vladimiros"]
[Result "1-0"]
[WhiteElo "2315"]
[BlackElo "1966"]
[PlyCount "47"]
[EventDate "2008.06.21"]
[EventType "swiss"]
[EventRounds "7"]
[EventCountry "GRE"]
[SourceTitle "EXT 2010"]
[Source "ChessBase"]
[SourceDate "2010.11.25"]
[SourceVersion "1"]
[SourceVersionDate "2010.11.25"]
[SourceQuality "1"]

1. e4 d6 2. d4 Nf6 3. Nc3 c6 4. a4 Na6 5. h3 Nb4 6. g3 Qc7 7. Bg2 Qb6 8. Nge2 h5 9. a5 Qc7 10. Bg5 Bd7 11. Nb1 Na6 12. Nd2 Nb4 13. Qb1 Na6 14. c3 Qc8 15. b4 e6 16. Ra2 Nc7 17. e5 Nh7 18. h4 Nd5 19. c4 Nc7 20. Nf4 f6 21. Ng6 Rg8 22. Nxf8 Nxf8 23. exf6 Kf7 24. fxg7 1-0

[Event "Panellinio Protathlima op 1st"]
[Site "Greece"]
[Date "2007.06.24"]
[Round "6"]
[White "Konstantelias, Konstantinos"]
[Black "Toliopoulos, Vladimiros"]
[Result "1-0"]
[WhiteElo "1918"]
[BlackElo "1975"]
[PlyCount "39"]
[EventDate "2007.06.20"]
[EventType "swiss"]
[EventRounds "7"]
[EventCountry "GRE"]
[SourceTitle "EXT 2009"]
[Source "ChessBase"]
[SourceDate "2008.11.26"]
[SourceVersion "1"]
[SourceVersionDate "2008.11.26"]
[SourceQuality "1"]

1. e4 d6 2. d4 Nf6 3. Nc3 g6 4. f3 Bg7 5. Be3 c6 6. Bd3 Nbd7 7. Qd2 e5 8. Nge2 0-0 9. h4 h5 10. Bh6 exd4 11. Nxd4 Re8 12. Bxg7 Kxg7 13. 0-0-0 Ne5 14. Be2 b5 15. g4 hxg4 16. f4 b4 17. Qe3 bxc3 18. fxe5 cxb2+ 19. Kb1 dxe5 20. Nf5+ 1-0